000 00329 a2200157 4500
001 58162
020 _a
040 _cAnchieta - Pituba
100 _aFaulkner, William
240 1 0 _aPaga de soldado
_lpor
245 1 0 _aPaga de soldado
300 _a372
362 0 _a1970
650 4 _aFicção norte-americana
942 _cBK
999 _c58162
_d58162